LEADER 01904nas 22005053 450 001 996281142503316 005 20181031052346.9 011 $a2379-2140 035 $a(OCoLC)57679838 035 $a(CKB)991042732792722 035 $a(CONSER)--2015202280 035 $a(EXLCZ)99991042732792722 100 $a20050217a19uu9999 --- a 101 0 $aeng 135 $aurcn||||||m|| 181 $ctxt$2rdacontent 182 $cc$2rdamedia 183 $acr$2rdacarrier 200 10$aProceedings of the ... International Conference on Document Analysis and Recognition 210 1$a[Los Alamitos, Calif.] :$c[IEEE Computer Society Press] 210 31$aPiscataway, NJ :$cInstitute of Electrical and Electronic Engineers 311 $a1520-5363 517 1 $aICDAR 517 1 $aInternational Conference on Document Analysis and Recognition proceedings 531 0 $aProc. Int. Conf. Doc. Anal. Recognit. 606 $aOptical character recognition devices$vCongresses 606 $aPattern recognition systems$vCongresses 606 $aDocument imaging systems$vCongresses 606 $aDocument imaging systems$2fast$3(OCoLC)fst00896066 606 $aOptical character recognition devices$2fast$3(OCoLC)fst01046643 606 $aPattern recognition systems$2fast$3(OCoLC)fst01055266 608 $aConference papers and proceedings.$2fast 615 0$aOptical character recognition devices 615 0$aPattern recognition systems 615 0$aDocument imaging systems 615 7$aDocument imaging systems. 615 7$aOptical character recognition devices. 615 7$aPattern recognition systems. 676 $a006.42 676 $a006.42 712 02$aIEEE Computer Society. 906 $aCONFERENCE 912 $a996281142503316 996 $aProceedings of the ... International Conference on Document Analysis and Recognition$91889405 997 $aUNISA LEADER 01247nam2 22003013i 450 001 VAN0275954 005 20240515100801.992 017 70$2N$a9783031269530 100 $a20240515d2023 |0itac50 ba 101 $aeng 102 $aCH 105 $a|||| ||||| 200 0 $a1 / Bahaaeddin Al$feni ... [et al.] editors. - Cham : Sprin 210 $a 202$c- XIV, 8$d p. 215 $a cm 410 1$1001VAN0120353$12001 $aLecture Notes in Networks and Systems$1210 $aCham$cSpringer$d2016-$v620 461 1$1001VAN0275955$12001 $aDigitalisation: Opportunities and Challenges for Business - Cham$eSpringer$1210 $avolumi$a24 cm$v1 620 $aCH$dCham$3VANL001889 702 1$aAlareeni$bBahaaeddin$3VANV202021 712 $aSpringer $3VANV108073$4650 801 $aIT$bSOL$c20240614$gRICA 856 4 $uhttps://doi.org/10.1007/978-3-031-26953-0$zE-book ? Accesso al full-text attraverso riconoscimento IP di Ateneo, proxy e/o Shibboleth 899 $aBIBLIOTECA CENTRO DI SERVIZIO SBA$2VAN15 912 $fN 912 $aVAN0275954 950 $aBIBLIOTECA CENTRO DI SERVIZIO SBA$d15CONS SBA EBOOK 13513 $e15EB 13513 20240515 996 $a1$961339 997 $aUNICAMPANIA LEADER 01318nam0 22002771i 450 001 UON00200964 005 20231205103253.686 010 $a88-339-0486-5 100 $a20030730d1989 |0itac50 ba 101 $aita 102 $aIT 105 $a|||| ||||| 200 1 $a Come nascono le rivoluzioni$eeconomia e politica nella Francia del XVIII e XIX$fErnest Labrousse$ga cura di Marina Cedronio$gprefazione di Pierre Vilar. - Torino$eBollati Boringhieri, 1989. LXXVII, 394 p. ; 22 cm. 410 1$1001UON00065646$12001 $aNuova cultura$v12 606 $aFrancia$xStoria$x1789-1914$3UONC041404$2FI 620 $aIT$dTorino$3UONL000014 700 1$aLABROUSSE$bErnest$3UONV101210$0174519 702 1$aCEDRONIO$bMarina$3UONV119978 702 1$aVILAR$bPierre$3UONV065559 712 $aBollati Boringhieri$3UONV247905$4650 801 $aIT$bSOL$c20260130$gRICA 912 $aUON00200964 950 $aSIBA - SISTEMA BIBLIOTECARIO DI ATENEO E ARCHIVIO STORICO$dSI EUR D A 2071 $eSI SC 30536 5 2071 950 $aSIBA - SISTEMA BIBLIOTECARIO DI ATENEO E ARCHIVIO STORICO$dSI EUR D A 2071 bis $eSI SC 34251 5 2071 bis 996 $aCome nascono le rivoluzioni$9228591 997 $aUNIOR